000
00308nam a22001337a 4500
003
SGT
082
_a
612.015
_b
P14U
100
_a
UNIYAL, MAYARAM
245
_a
PRYOGATAMAK AVINAW DRAVYAGUNA VIJNANAM
260
_a
VARANASI
_b
CAHUKHAMBHA
_c
2014
300
_a
550
650
_a
DRAVYAGUNA VIGYAN
942
_2
ddc
_c
BK
999
_c
8606
_d
8606